Canard cycles and center manifolds

Αποθηκεύτηκε σε:
Λεπτομέρειες βιβλιογραφικής εγγραφής
Κύριος συγγραφέας: Dumortier, Freddy
Άλλοι συγγραφείς: Roussarie, Robert H.
Μορφή: Βιβλίο
Γλώσσα:English
Δημοσίευση: Providence, Rhode island : American Mathematical Society, c1996
Σειρά:Memoirs of the American Mathematical Society ; ; 577
Θέματα:
Ετικέτες: Προσθήκη ετικέτας
Δεν υπάρχουν, Καταχωρήστε ετικέτα πρώτοι!

MARC

LEADER 00000nam a2200000 i 4500
001 1/90204
008 990920s1996 eng d
020 |a 082180443X 
035 |l 10053009 
040 |a GR-MY-UA  |b gre  |e aacr 
041 0 |a eng 
082 0 |a 515.352 
100 1 |a Dumortier, Freddy. 
245 1 0 |a Canard cycles and center manifolds /  |c Freddy Dumortier, Robert Roussarie 
260 |a Providence, Rhode island :   |b American Mathematical Society,   |c c1996 
300 |a ix, 100 p.;  |b ill.;  |c 26 cm. 
490 1 |a Memoirs of the American Mathematical Society  |v ; 577 
500 |a Includes bibliographical references 
650 0 0 |a Boundary value problems  |x Asymptotic theory. 
650 0 0 |a Perturbation (Mathematics) 
650 0 0 |a Bifurcation theory. 
700 1 |a Roussarie, Robert H. 
830 0 |a Memoirs of the American Mathematical Society ;  |v ; 577 
852 |a INST  |b SAMOS  |e 19990920  |h 515.352 DUM  |p 005300012282  |q 005300012282  |t BK  |y 0 
901 |a BIBL3-1999-3 
909 |a Σ  |b 067173 
922 |a 3ΕΛΗ  |b 199907  |c ΕΠΕΑΕΚ/ΜΑΘ  |d ΠΑΠΑΣΩΤΗΡΙΟΥ 
970 |a ΓΕΝΟΥΖΟΥ  |b ΧΡΥΣΑΝΘΗ  |z 1999/09/20